Derecho Privado.
Gorde:
| Egile nagusia: | |
|---|---|
| Formatua: | Liburua |
| Argitaratua: |
San José, Costa Rica:
Litografía e Imprenta LIL, S.A.,
1994.
|
| Edizioa: | Tercera edición (revisada). |
| Gaiak: | |
| Etiketak: |
Etiketa erantsi
Etiketarik gabe, Izan zaitez lehena erregistro honi etiketa jartzen!
|
MARC
| LEADER | 00000nam a22000007a 4500 | ||
|---|---|---|---|
| 003 | CL-VaPUC | ||
| 005 | 20231212165048.0 | ||
| 008 | 231130t1994 ||||| |||| 00| 0 eng d | ||
| 999 | |c 442650 |d 442648 | ||
| 020 | |a 9977-47-191-6 | ||
| 040 | |c Pontificia Universidad Católica de Valparaíso | ||
| 082 | 0 | 4 | |2 21 |a 346.7286 PER 1994 |
| 100 | 1 | |a Pérez Vargas, Víctor |9 587594 |e autor | |
| 245 | 1 | 0 | |a Derecho Privado. |
| 250 | |a Tercera edición (revisada). | ||
| 260 | |a San José, Costa Rica: |b Litografía e Imprenta LIL, S.A., |c 1994. | ||
| 300 | |a 501 páginas. | ||
| 500 | |a c.1 Donación Jorge López Santa María. Memo 48. 24-11-2023 | ||
| 505 | |a - Personas - Existencia y Capacidad - Domicilio y Ausencia - Valores de la personalidad - Bienes - Hechos Jurídicos - Prescripción y Caducidad - Negocio Jurídico - Invalidez e Ineficacia - Responsabilidad Civil - Revisión del Código Civil | ||
| 583 | |c 20231130 |k Catalogador Asistente | ||
| 650 | 1 | |a Derecho privado |z Costa Rica |9 886433 | |
| 650 | 1 | |a Derecho privado latinoamericano |9 885499 | |
| 942 | |2 ddc |c BK | ||
| 952 | |0 0 |1 0 |2 ddc |4 0 |6 346_728600000000000_PER_1994 |7 0 |8 A |9 592706 |a BIBDER |b BIBDER |d 2023-11-30 |e Donación |i 5659706 |o 346.7286 PER 1994 |p 5659706 |r 2023-11-30 |t 1 |w 2023-11-30 |y BK |k DER | ||